Normal view
MARC view
- تأليف الرافعي، مصطفى صادق ؛ تحقيق وترجمة عبدالله المنشاوي
Entry Personal Name
001 - CONTROL NUMBER
- control field: 37902
003 - CONTROL NUMBER IDENTIFIER
- control field: JO-AjAnu
005 - DATE AND TIME OF LATEST TRANSACTION
- control field: 20230606080321.0
008 - FIXED-LENGTH DATA ELEMENTS
- fixed length control field: 230606|| aca||aabn | a|a d
040 ## - CATALOGING SOURCE
- Original cataloging agency: JO-AjAnu
- Transcribing agency: JO-AjAnu
100 ## - HEADING--PERSONAL NAME
- Personal name: تأليف الرافعي، مصطفى صادق ؛ تحقيق وترجمة عبدالله المنشاوي
670 ## - SOURCE DATA FOUND
- Source citation: Work cat.: (JO-AjAnu)19447: تأليف الرافعي، مصطفى صادق ؛ تحقيق وترجمة عبدالله المنشاوي, author, رسائل الأحزان في فلسفة الجمال والحب